000 00804nam a22002537a 4500
005 20140827113543.0
010 _aENG-110659
020 _a9789339213084
_c575.00
035 _aEN-94191
037 _bDBAD/PUB
082 _a658.15
100 _aRogers, Steven
245 _aEnterpreneurial finance :
_cby Steven Rogers [and] Roza Makonnen
_bfinance and business strategies for the serious entrepreneur /
250 _a3rd ed
260 _aNew Delhi
_bMcGraw Hill Education
_c2014
270 _aP-24, Green Park Extn.
_bNew Delhi
_e110016
300 _axix,323p.
_c23cm(pbk)
500 _aIncludes index
650 _aBusiness enterprises
_xFinance
650 _aBusiness planning
650 _aEntrepreneurship
700 _aMakonnen, Roza
942 _2ddc
_cEN
_mROG
_h658.15
999 _c86508
_d86508